[Event "TCh-ROM Divizia A Masculin"]
[Site "Predeal ROM"]
[Date "2006.11.11"]
[Round "8"]
[White "Grecescu,G"]
[Black "Slovineanu,V"]
[Result "1/2-1/2"]
[WhiteElo "2405"]
[BlackElo "2423"]

1.c4 c6 2.e4 d5 3.exd5 cxd5 4.cxd5 Nf6 5.Qa4+ Nbd7 6.Nc3 g6 7.Bc4 Bg7 8.Nf3 a6
9.d3 Rb8 10.Bb3 b5 11.Qh4 Nc5 12.Bc2 Nxd5 13.Nxd5 Qxd5 14.d4 Qc4 15.dxc5 Qxc2
16.O-O f6 17.Bh6 O-O 18.Bxg7 Kxg7 19.Qd4 Qc4 20.Qe3 Qf7 21.Ng5 Qe8 22.Ne6+ Bxe6
23.Qxe6 Rc8 24.b4 Rc6 25.Qd5 e6 26.Qe4 e5 27.Rfd1 f5 28.Qe2 Qe6 29.Rd2 Rf7
30.Rad1 e4 31.Rd6 Rxd6 32.Rxd6 Qe5 33.Rd1 f4 34.h3 Re7  1/2-1/2

[Event "Ataturk Festival Open"]
[Site "Adana TUR"]
[Date "2006.11.13"]
[Round "7"]
[White "Grigoriev,A"]
[Black "Oroudzhov,A"]
[Result "1-0"]
[WhiteElo "2347"]
[BlackElo "2103"]

1.c4 c6 2.d4 d5 3.cxd5 cxd5 4.Nf3 Nf6 5.Nc3 Nc6 6.Bf4 a6 7.e3 Bg4 8.Bd3 e6
9.Rc1 Bd6 10.Bg3 O-O 11.O-O Bxg3 12.hxg3 Qe7 13.a3 Rac8 14.Qc2 Bh5 15.Ne5 Bg6
16.Bxg6 hxg6 17.Nd3 Ng4 18.Qe2 Qg5 19.Nf4 Na5 20.e4 Nb3 21.Rcd1 e5 22.dxe5 d4
23.Ncd5 Nxe5 24.Nd3 Nxd3 25.Qxd3 Nc1 26.Qf3 Rc2 27.Rfe1 d3 28.Nf4 d2 29.Re3 Rxb2
30.Rc3 Qa5 31.Nd5 Qb5 32.Ne7+ Kh7 33.g4 Ne2+ 34.Qxe2  1-0

[Event "Ataturk Festival Open"]
[Site "Adana TUR"]
[Date "2006.11.14"]
[Round "8"]
[White "Suleimanov,S"]
[Black "Metin,O"]
[Result "1-0"]
[WhiteElo "2280"]
[BlackElo "1970"]

1.c4 c6 2.e4 d5 3.exd5 cxd5 4.d4 Nf6 5.Nc3 e6 6.Nf3 Nbd7 7.cxd5 exd5 8.Qb3 Qe7+
9.Be3 Qb4 10.Qc2 Ne4 11.Bd3 Ndf6 12.O-O Nxc3 13.bxc3 Qb6 14.Rfe1 Be7 15.Bf4 h6
16.Rab1 Qd8 17.Bb5+ Kf8 18.Ne5 g5 19.Bg3 Kg7 20.Bd3 a6 21.Bg6 Be6 22.Rxb7 Re8
23.Nc6 Qc8 24.Rc7 Bf5 25.Rxc8 Bxc2 26.Rxa8 Rxa8 27.Bxc2 Ba3 28.Bb8 Nd7 29.Rb1 Kf6
30.Rb3 Bc1 31.Rb7 Nf8 32.Be5+  1-0

[Event "Open"]
[Site "Liberec CZE"]
[Date "2006.11.15"]
[Round "5"]
[White "Macek,K"]
[Black "Brauer,C"]
[Result "0-1"]
[WhiteElo "1947"]
[BlackElo "2160"]

1.c4 c6 2.e4 d5 3.cxd5 cxd5 4.exd5 Qxd5 5.Nc3 Qa5 6.Nf3 Nf6 7.d4 e6 8.Bd3 Be7
9.O-O O-O 10.Re1 Nc6 11.Ne5 Nb4 12.Bb1 b5 13.Re3 Bb7 14.Rh3 g6 15.Qd2 Rfd8
16.Qh6 Rxd4 17.Nxg6 fxg6 18.Bxg6 Rg4 19.Bxh7+ Kf7 20.f3 Rg7 21.Ne4 Bxe4 22.Bxe4 Rag8
23.g3 Nc2 24.Rb1 Qe1+ 25.Kg2 Qe2+ 26.Kg1 Bc5+  0-1

[Event "Bundesliga 2006-7"]
[Site "Berlin GER"]
[Date "2006.11.18"]
[Round "3"]
[White "Bezold,M"]
[Black "Sarbok,T"]
[Result "1/2-1/2"]
[WhiteElo "2535"]
[BlackElo "2325"]

1.c4 c6 2.Nc3 d5 3.e3 Nf6 4.Nf3 e6 5.Qc2 Nbd7 6.b3 Bd6 7.Be2 O-O 8.O-O Qe7
9.d4 b6 10.e4 dxe4 11.Nxe4 Nxe4 12.Qxe4 Nf6 13.Qxc6 Bd7 14.Qb7 Rfb8 15.Qa6 Ne4
16.Bd3 Nc3 17.c5 bxc5 18.dxc5 Bxc5 19.Bxh7+ Kxh7 20.Qd3+ Kg8 21.Qxc3 Bb4
22.Qe3 a5 23.Bb2 f6 24.Rac1 e5 25.Nh4 Rc8 26.Qf3 Qe6 27.Qe4 Bc6 28.Qf5 Bd7
29.Qe4 Bc6 30.Qf5 Bd7  1/2-1/2

[Event "Bundesliga 2006-7"]
[Site "Koelln GER"]
[Date "2006.11.19"]
[Round "4"]
[White "Schlosser,P"]
[Black "Boidman,Y"]
[Result "1-0"]
[WhiteElo "2554"]
[BlackElo "2438"]

1.c4 c6 2.e4 d5 3.exd5 cxd5 4.d4 e6 5.Nc3 Nf6 6.Nf3 Be7 7.cxd5 Nxd5 8.Bd3 O-O
9.O-O Nf6 10.Re1 b6 11.Bc2 Bb7 12.Qd3 Na6 13.a3 Nc7 14.Ne5 a6 15.Qh3 Rc8
16.Bg5 g6 17.Bb3 Nh5 18.Bh6 Ng7 19.Rad1 Bg5 20.Ng4 Bxh6 21.Qxh6 Nf5 22.Qf4 h5
23.Ne3 Nxe3 24.Rxe3 Kg7 25.h4 b5 26.Re5 Qf6 27.Qg3 Rfd8 28.Ne2 Bd5 29.Nf4 Kf8
30.Bc2 Ne8 31.Bb1 Ng7 32.Rde1 Bb7 33.Bxg6 Rxd4 34.Be4 Rcc4 35.Bxb7 Rxf4 36.Bf3 Nf5
37.Qg5 Qxe5 38.Rxe5 Rc1+ 39.Kh2 Rxh4+ 40.Qxh4 Nxh4 41.Bb7 Rc2 42.Rxh5 Ng6
43.b4 Rxf2 44.Bxa6 e5 45.Bxb5 Ra2 46.Rh3 Nf4 47.Rg3 Ke7 48.Bf1 f5 49.b5 Kd6
50.Rb3 Kc7 51.Rc3+ Kb7 52.Rc5 Ra1 53.Bc4 Rxa3 54.Rxe5 Rc3 55.Bf1 Rc1 56.Kg1 Nh5
57.Rxf5 Ng3 58.Rf3 Ne4 59.Kh2 Kb6 60.Bd3 Nc5 61.Be2 Rc2 62.Re3 Rb2 63.Kh3 Rb4
64.g4 Ne4 65.Kh4 Nf2 66.Re6+ Kc7 67.Rc6+ Kd7 68.Rg6 Rb2 69.Bf3 Nd3 70.Bc6+ Kc7
71.Re6 Nf4 72.Re4 Nd3 73.g5 Kb6 74.g6 Rh2+ 75.Kg5 Nc5 76.Re5 Nd3 77.Re3 Nc5
78.g7  1-0

[Event "ch-ESP Abierto"]
[Site "Leon ESP"]
[Date "2006.11.25"]
[Round "4"]
[White "Pena Gomez,M"]
[Black "Almagro Llamas,P"]
[Result "1/2-1/2"]
[WhiteElo "2319"]
[BlackElo "2404"]

1.c4 c6 2.Nf3 d5 3.e3 Nf6 4.Qc2 e6 5.Be2 Bd6 6.O-O O-O 7.d4 Nbd7 8.Nc3 dxc4
9.Bxc4 e5 10.a4 a5 11.b3 Qe7 12.dxe5 Nxe5 13.Nxe5 Qxe5 14.f4 Qh5 15.Ne4 Nxe4
16.Qxe4 Bf5 17.Qf3 Qg6 18.Bb2 Bc5 19.Rae1 Rad8 20.Bc3 Bb6 21.Rf2 Rfe8 22.Be5 Kh8
23.g4 f6 24.Bc3 Bxg4 25.Qg3 Be6 26.Rd2 Qf7 27.Bd3 Rd5 28.f5 Bxf5 29.Bc4 Bc7
30.Bxd5 cxd5 31.Qf3 Be4 32.Qg4 f5 33.Rf1 Re6 34.Qh3 f4 35.exf4 h6 36.f5 Rb6
37.Bd4 Rb4 38.Qxh6+ Kg8 39.Qe3 Qh5 40.Rff2 Bd8 41.f6 gxf6 42.Bxf6 Bb6 43.Qg3+ Qg6
44.Qxg6+ Bxg6 45.Kf1 Bxf2 46.Kxf2 Rf4+ 47.Ke3 Rxf6 48.Rxd5 b6 49.Kd4 Rf4+
50.Kc3 Rb4 51.Rd4 Rxd4 52.Kxd4 Bf7 53.Kc3 Be8 54.b4  1/2-1/2

[Event "19th Belgrade Trophy"]
[Site "Belgrade SRB"]
[Date "2006.11.26"]
[Round "5"]
[White "Ruzicic,S"]
[Black "Miladinovic,L"]
[Result "1/2-1/2"]
[WhiteElo "2079"]
[BlackElo "1771"]

1.c4 c6 2.Nc3 d5 3.cxd5 cxd5 4.d4 Nf6 5.Bf4 Bf5 6.Nf3 Nc6 7.e3 e6 8.Be2 a6
9.O-O Bd6 10.Bg5 O-O 11.Nh4 Bg6 12.Nxg6 hxg6 13.a3 b5 14.b4 Qc7 15.Rc1 Bxh2+
16.Kh1 Bd6 17.Bxf6 gxf6 18.Nxb5 axb5 19.Bxb5 Kg7 20.f4 Rxa3 21.Rxc6 Qb8 22.Qe2 Rb3
23.Kg1 Rxb4 24.Bd3 Rb2 25.Rc2 Rb3 26.Qd1 Qb4 27.Qe2 Qa3 28.Rd1 Rfb8 29.Ra2 Qb4
30.Ra7 Rb2 31.Qf3 Qb6 32.Rda1 Rb7 33.Ra8 Rb8 34.Qh3 Rxa8 35.Rxa8 Bb8 36.Ra6 Qb3  1/2-1/2

[Event "19th Belgrade Trophy"]
[Site "Belgrade SRB"]
[Date "2006.11.27"]
[Round "6"]
[White "Radosavljevic,S"]
[Black "Trisic,D"]
[Result "1-0"]
[WhiteElo "2254"]
[BlackElo "2068"]

1.c4 c6 2.g3 d5 3.Qc2 Nf6 4.Bg2 g6 5.Nf3 Bg7 6.O-O O-O 7.d3 Nbd7 8.Nc3 a6
9.e4 dxc4 10.dxc4 Qc7 11.h3 e5 12.Be3 b6 13.b4 Rd8 14.c5 b5 15.a4 Bb7 16.Nd2 Nf8
17.Nb3 Ne6 18.axb5 axb5 19.Rxa8 Rxa8 20.Rd1 Rd8 21.Ne2 Bc8 22.Na5 Ne8 23.f4 exf4
24.gxf4 Bh6 25.e5 Bd7 26.Qc1 N8g7 27.Ng3 f6 28.Rd6 Ne8 29.f5 Bxe3+ 30.Qxe3 N6g7
31.fxg6 hxg6  1-0

[Event "ch-ESP Abierto"]
[Site "Leon ESP"]
[Date "2006.11.30"]
[Round "9"]
[White "Granados Gomez,M"]
[Black "Argandona Rivero,I"]
[Result "1/2-1/2"]
[WhiteElo "2436"]
[BlackElo "2396"]

1.c4 c6 2.d4 d5 3.Nf3 Nf6 4.Nc3 a6 5.e3 b5 6.b3 Bg4 7.Be2 e6 8.O-O Nbd7 9.h3 Bh5
10.Nd2 Bxe2 11.Qxe2 Qa5 12.Qd3 Bb4 13.Bb2 Ba3 14.Bxa3 Qxa3 15.c5 e5 16.Rfb1 e4
17.Qc2 Qa5 18.b4 Qc7 19.a4 Rb8 20.axb5 axb5 21.Ra6 Rb7 22.Rba1 O-O 23.Qa2 Nb8
24.Ra7 Rxa7 25.Qxa7 Qc8 26.Nb3 Ne8 27.Qe7 Na6 28.Na2 f6 29.Qa7 Rf7 30.Qb6 f5
31.Nac1 Nb8 32.Ra7 Rxa7 33.Qxa7 Nc7 34.Na5 Nca6 35.Na2 Qc7 36.Qa8 g5 37.Nb7 f4
38.Nd6 fxe3 39.fxe3 h5 40.Nxb5 Qg3 41.Qb7 Qxe3+ 42.Kh1 g4 43.hxg4 Qe1+ 44.Kh2 Qh4+
45.Kg1 Qe1+  1/2-1/2

[Event "ch-ROM"]
[Site "Predeal ROM"]
[Date "2006.12.01"]
[Round "5"]
[White "Minescu,D"]
[Black "Dragomirescu,C"]
[Result "0-1"]
[WhiteElo "2177"]
[BlackElo "2247"]

1.c4 c6 2.Nf3 d5 3.b3 Nf6 4.Bb2 e6 5.g3 Be7 6.Bg2 O-O 7.O-O Nbd7 8.d3 b6
9.Nbd2 Qc7 10.e4 Bb7 11.Qe2 dxe4 12.dxe4 e5 13.Rfd1 Rfe8 14.Nf1 Bc5 15.h3 Nf8
16.a3 a5 17.Bc3 N6d7 18.b4 Be7 19.Rab1 axb4 20.axb4 Ne6 21.Rxd7 Qxd7 22.Nxe5 Qc7
23.Ne3 Ra3 24.Qb2 Rea8 25.Rd1 Bc8 26.b5 Bc5 27.bxc6 Bxe3 28.fxe3 Ra2 29.Qb4 f6
30.Rd7 Bxd7 31.cxd7 fxe5 32.Qe7 Qc6 33.Bxe5 Rxg2+ 34.Kxg2 Qxe4+ 35.Kf1 Rf8+
36.Ke2 Qxe5 37.d8=Q  0-1

[Event "ch-ROM"]
[Site "Predeal ROM"]
[Date "2006.12.04"]
[Round "8"]
[White "Grunberg,M"]
[Black "Murariu,A"]
[Result "1/2-1/2"]
[WhiteElo "2414"]
[BlackElo "2516"]

1.c4 c6 2.d4 d5 3.e3 Nf6 4.Nc3 a6 5.Qc2 e6 6.Nf3 c5 7.b3 Nc6 8.Bb2 cxd4 9.exd4 Be7
10.Rd1 O-O 11.Be2 b6 12.O-O Bb7 13.Qb1 Rc8 14.Ne5 Qc7 15.Nxc6 Qxc6 16.Bf3 Qd7
17.Na4 Qd8 18.c5 bxc5 19.dxc5 Nd7 20.b4 Bc6 21.Qc2 Rb8 22.Bc3 Bf6  1/2-1/2

[Event "Open"]
[Site "Granada ESP"]
[Date "2006.12.07"]
[Round "3"]
[White "Gofshtein,Z"]
[Black "Kononenko,T"]
[Result "1-0"]
[WhiteElo "2509"]
[BlackElo "2375"]

1.c4 c6 2.e4 d5 3.exd5 cxd5 4.d4 Nf6 5.Nc3 e6 6.c5 Be7 7.Nf3 O-O 8.Qc2 b6
9.b4 bxc5 10.bxc5 Nc6 11.Bb5 Bb7 12.O-O Rc8 13.Bf4 Qa5 14.Bxc6 Bxc6 15.Rab1 Rfd8
16.Ne5 Be8 17.Bd2 Qa6 18.Bg5 h6 19.Bh4 Rb8 20.f4 Qa5 21.Qd3 Rdc8 22.Bf2 Nd7
23.Rxb8 Nxb8 24.f5 Nd7 25.Nf3 Nf8 26.Re1 Bc6 27.g4 Rb8 28.Be3 Qd8 29.Re2 exf5
30.Ne5 Be8 31.gxf5 Nh7 32.Rg2 Kh8 33.Bf4 Rb4 34.c6 Qa5 35.c7  1-0

[Event "12th Open"]
[Site "Navalmoral de la Mata ESP"]
[Date "2006.12.07"]
[Round "3"]
[White "Damljanovic,B"]
[Black "Carrasco Martinez,J"]
[Result "1-0"]
[WhiteElo "2595"]
[BlackElo "2426"]

1.c4 c6 2.e4 d5 3.exd5 cxd5 4.cxd5 Nf6 5.Nc3 Nxd5 6.Nf3 e6 7.d4 Bb4 8.Bd2 Nc6
9.Bd3 Nf6 10.O-O O-O 11.Be3 Be7 12.a3 b6 13.Qe2 Bb7 14.Rad1 Rc8 15.Ng5 g6
16.Nf3 Qc7 17.Rfe1 Rfd8 18.h3 Qb8 19.Bc4 Na5 20.Ba2 Nd5 21.Nxd5 Bxd5 22.Bxd5 Rxd5
23.Rc1 Nc6 24.Rc3 Bf6 25.Rec1 Ne7 26.Rxc8+ Nxc8 27.Qc2 Nd6 28.g4 g5 29.a4 b5
30.b3 bxa4 31.bxa4 Qb4 32.Kg2 h6 33.Qc6 a5 34.Rc5 Qb3 35.Rxd5 Qxd5 36.Qxd5 exd5
37.Nd2 Nc8 38.Nb3 Nb6 39.Nxa5 Nxa4 40.Nc6 Nc3 41.Kf3 Kf8 42.Bc1 Ke8 43.Ke3 Kd7
44.Nb4 Ke6 45.Nc2 Bg7 46.f3 Nd1+ 47.Ke2 Nc3+ 48.Kd3 Nd1 49.Ke2 Nc3+ 50.Kd2 Nb5
51.Kd3 f5 52.Ba3 f4 53.Bc5 Nc7 54.Bb6 Ne8 55.Nb4 Bf8 56.Bc5 Bxc5 57.dxc5 Nc7
58.Nc6 Kd7 59.Nb4 Ne6 60.Nxd5 Nxc5+ 61.Kd4 Kd6 62.Nf6 Ne6+ 63.Ke4 Nc5+ 64.Kf5 Nd3
65.Ng8 Kd5 66.Nxh6 Ne1 67.Kxg5 Ke5 68.Nf7+ Ke6 69.Nd8+ Kd7 70.Nb7 Kc6 71.Na5+ Kb5
72.Kxf4 Kxa5 73.h4  1-0

[Event "Open"]
[Site "Granada ESP"]
[Date "2006.12.08"]
[Round "5"]
[White "Conquest,S"]
[Black "Kononenko,T"]
[Result "1-0"]
[WhiteElo "2530"]
[BlackElo "2375"]

1.c4 c6 2.e4 d5 3.exd5 cxd5 4.d4 Nf6 5.Nc3 e6 6.Nf3 Be7 7.cxd5 Nxd5 8.Bc4 Nc6
9.O-O O-O 10.Re1 Nf6 11.a3 b6 12.Qd3 Bb7 13.Bg5 Rc8 14.Rad1 Nd5 15.Bxd5 Bxg5
16.Be4 f5 17.Nxg5 Qxg5 18.Bf3 Rfd8 19.d5 exd5 20.Bxd5+ Kh8 21.Qf3 Ba8 22.h3 Ne7
23.Bxa8 Rxa8 24.Nb5 Ng8 25.Nd6 Nh6 26.Re6 Rf8 27.Qd5 Rab8 28.Qe5 Qh5 29.Rc1 Nf7
30.Nxf7+ Qxf7 31.Rc7 Qg8 32.Ree7 Rfe8 33.Qxg7+ Qxg7 34.Rxg7 Re1+ 35.Kh2 Re2
36.Rxh7+ Kg8 37.Rcg7+ Kf8 38.Rxa7 Kg8 39.Rag7+ Kf8 40.f4 Rxb2 41.h4 Rc8 42.h5 Rc6
43.Rb7 Kg8 44.Rhg7+ Kh8 45.Rgd7  1-0

[Event "XVI Magistral"]
[Site "Elgoibar ESP"]
[Date "2006.12.11"]
[Round "1"]
[White "Landenbergue,C"]
[Black "Kononenko,T"]
[Result "1-0"]
[WhiteElo "2446"]
[BlackElo "2375"]

1.c4 c6 2.e4 d5 3.cxd5 cxd5 4.exd5 Nf6 5.Nc3 Nxd5 6.Nf3 Nc6 7.Bb5 e6 8.O-O Be7
9.d4 O-O 10.Re1 Qd6 11.Bd3 Bd7 12.a3 Rfd8 13.Nb5 Qb8 14.Qe2 Nf4 15.Bxf4 Qxf4
16.Rad1 Bf6 17.g3 Qb8 18.Be4 a6 19.Nc3 Ne7 20.Ne5 Be8 21.Qe3 Qa7 22.Rd3 Bxe5
23.dxe5 Qxe3 24.Rexe3 Bc6 25.Rxd8+ Rxd8 26.Rd3 Rxd3 27.Bxd3 Nd5 28.Nxd5 Bxd5
29.b4 h5 30.f4 Kf8 31.Kf2 Ke7 32.Ke3 Kd7 33.Kd4 Kc6 34.f5 exf5 35.Bxf5 Bf3
36.h4 Bd5 37.Bc2 Be6 38.Bd3 g6 39.Be4+ Kc7 40.Bd3 Kc6 41.a4 Kc7 42.a5 Kc6
43.Be2 Kc7 44.Kc5 Bb3 45.Bf3 Be6 46.Bd1 Ba2 47.Bf3 Be6 48.Kd4 Bb3 49.Ke3 Be6
50.Kf4 Bc4 51.Kg5 b6 52.Kf6 bxa5 53.bxa5 Be6 54.Be2 Kb7 55.Ke7 Bd5 56.Kd6 Be6
57.Bd3 Bb3 58.Be4+ Kc8 59.e6 fxe6 60.Bxg6 Bd1 61.Bf7 Be2 62.Bxe6+ Kb7 63.Bd5+ Ka7
64.Ke5 Kb8 65.Kf4 Kc7 66.Bf3  1-0

[Event "FSGM December"]
[Site "Budapest HUN"]
[Date "2006.12.12"]
[Round "11"]
[White "Fogarasi,T"]
[Black "Bergez,L"]
[Result "1-0"]
[WhiteElo "2425"]
[BlackElo "2395"]

1.c4 c6 2.Qa4 e5 3.Nc3 Nf6 4.Nf3 d6 5.d4 Nbd7 6.e3 exd4 7.exd4 d5 8.c5 Ne4
9.Bd3 Nxc3 10.bxc3 Be7 11.Bf4 O-O 12.O-O Re8 13.Rab1 Nf8 14.h3 Ne6 15.Bg3 Ng5
16.Nxg5 Bxg5 17.c4 Bf6 18.Rfd1 Be6 19.Rxb7 g6 20.Bf1 dxc4 21.Bxc4 a5 22.Bd6 Rc8
23.d5 cxd5 24.Bb5 Re7 25.Bxe7 Bxe7 26.Bd7 Rxc5 27.Bxe6 fxe6 28.Rdb1 Rc4 29.Qxc4 dxc4
30.Rb8 Qxb8 31.Rxb8+ Kf7 32.Rc8 h5 33.Rxc4 Kf6 34.Kf1 Bb4 35.Ke2 Ke5 36.Kd3 Bd6
37.Rc8 a4 38.Ra8 a3 39.Ra5+ Kf4 40.Ra4+ Kf5 41.Kc3 e5 42.f3 Be7 43.Kb3 h4
44.Re4 g5 45.Kc4 Ke6 46.Re1 Bf6 47.Re3 Be7 48.Rb3 Bf8 49.Rb8 Be7 50.Ra8 Kf5
51.Kd5 Kf4 52.Ra4+ Ke3 53.Kxe5 Kd3 54.Kf5 Kc3 55.Ra7 Bf8 56.Rb7  1-0

[Event "IM It"]
[Site "Eupen BEL"]
[Date "2006.12.12"]
[Round "5"]
[White "Komarov,D"]
[Black "Kadimova,I"]
[Result "1-0"]
[WhiteElo "2540"]
[BlackElo "2328"]

1.c4 c6 2.Nf3 d5 3.e3 Nf6 4.Nc3 e6 5.b3 Be7 6.d4 O-O 7.Bd3 c5 8.cxd5 cxd4
9.Nxd4 Nxd5 10.Nxd5 Qa5+ 11.Bd2 Qxd5 12.Qc2 h6 13.O-O Bf6 14.Rad1 Bxd4 15.Bb4 Re8
16.Bh7+ Kh8 17.Rxd4 Qh5 18.Be4 e5 19.Rd6 Nc6 20.Bxc6 bxc6 21.Qxc6 Bf5 22.e4 Rac8
23.Qd5 Be6 24.Qd2 Qh4 25.f3 Red8 26.Rxd8+ Qxd8 27.Qxd8+ Rxd8 28.Rc1 Rc8 29.Rxc8+ Bxc8
30.Kf2 h5 31.Ke3 Bd7 32.Bc5 a6 33.g3 Kg8 34.f4 exf4+ 35.gxf4 f6 36.Kd4 Bc6
37.e5 Kf7 38.h4 Ke6 39.Bb4 Be8 40.Bc3 Bg6 41.Kc5 Bb1 42.a3 Kf5 43.b4 Kxf4
44.e6 Bg6 45.a4 Kf5 46.Kd6 Be8 47.b5 axb5 48.a5 b4 49.Bxb4 Bb5 50.e7  1-0

[Event "13th Open A"]
[Site "Zadar CRO"]
[Date "2006.12.14"]
[Round "5"]
[White "Kovacevic,Bl"]
[Black "Gagarin,V"]
[Result "1/2-1/2"]
[WhiteElo "2471"]
[BlackElo "2406"]

1.c4 c6 2.e4 d5 3.cxd5 cxd5 4.exd5 Nf6 5.Nc3 Nxd5 6.Nf3 Nc6 7.Bc4 e6 8.O-O Nb6
9.Bb3 Nd4 10.Nxd4 Qxd4 11.Re1 Bd7 12.Re4 Qd3 13.Bc2 Qd6 14.d4 Bc6 15.Bf4 Qd7
16.Re3 Rd8 17.Qg4 h5 18.Qg3 h4 19.Qg4 h3 20.Rae1 Nd5 21.Nxd5 Bxd5 22.gxh3 g6
23.Be4 Bg7 24.Be5 Bxe5 25.dxe5 Bxe4 26.Qxe4 O-O 27.Rg3 Qd4 28.Rxg6+ fxg6
29.Qxg6+ Kh8 30.Qh6+ Kg8 31.Qg6+ Kh8 32.Qh6+  1/2-1/2

[Event "IM Multicoms"]
[Site "Paris FRA"]
[Date "2006.12.15"]
[Round "3"]
[White "Manouck,T"]
[Black "Goldsztejn,G"]
[Result "1-0"]
[WhiteElo "2342"]
[BlackElo "2303"]

1.c4 c6 2.Nf3 d5 3.Na3 Nf6 4.g3 Bg4 5.Bg2 Bxf3 6.Bxf3 e6 7.b3 Nbd7 8.Bg2 Bd6
9.O-O O-O 10.Bb2 Qe7 11.Nc2 a5 12.Rb1 a4 13.d3 axb3 14.axb3 Be5 15.d4 Bd6
16.Ra1 e5 17.cxd5 Nxd5 18.Bxd5 cxd5 19.Ne3 Rxa1 20.Qxa1 e4 21.Nf5 Qe6 22.Nxd6 Qxd6
23.Ba3 Qb6 24.Bxf8 Nxf8 25.e3 h5 26.Qa4 h4 27.Rc1 Qe6 28.Qb5 Qg4 29.Qxd5 Ne6
30.h3 Qf3 31.gxh4 Kh7 32.Qe5  1-0

[Event "13th Open A"]
[Site "Zadar CRO"]
[Date "2006.12.16"]
[Round "8"]
[White "Kovacevic,Bl"]
[Black "Ragger,M"]
[Result "1/2-1/2"]
[WhiteElo "2471"]
[BlackElo "2476"]

1.c4 c6 2.e4 d5 3.cxd5 cxd5 4.exd5 Nf6 5.Nc3 Nxd5 6.Nf3 Nxc3 7.bxc3 g6 8.d4 Bg7
9.Bd3 O-O 10.O-O Nc6 11.Re1 Re8 12.Bf4 Bg4 13.Be4 Rc8 14.h3 Bxf3 15.Qxf3 e5
16.Bxc6 Rxc6 17.dxe5 Qc8 18.Re3 b6 19.Rd1 Rce6 20.Rd6 Qc4 21.Rd7 Qxa2 22.Bg3 Rf8
23.Qb7 a5 24.Rf3 Ree8 25.Qxb6 Bxe5 26.Bxe5 Rxe5 27.Ra7 Qd5  1/2-1/2

[Event "44th National A ch-IND"]
[Site "Atul IND"]
[Date "2006.12.20"]
[Round "4"]
[White "Koshy,V"]
[Black "Murali Krishnan,B"]
[Result "1/2-1/2"]
[WhiteElo "2325"]
[BlackElo "2364"]

1.c4 c6 2.b3 d5 3.Bb2 Bf5 4.Nf3 e6 5.g3 h6 6.Bg2 Nf6 7.O-O Be7 8.d3 O-O 9.Nbd2 Nbd7
10.a3 a5 11.Qc2 Qb6 12.Rac1 Rfd8 13.Qb1  1/2-1/2

[Event "Weihnachtsopen Masters"]
[Site "Zurich SUI"]
[Date "2006.12.26"]
[Round "1"]
[White "Gruner,P"]
[Black "Fierz,M"]
[Result "1/2-1/2"]
[WhiteElo "2069"]
[BlackElo "2331"]

1.c4 c6 2.Nf3 d5 3.g3 Nf6 4.Bg2 dxc4 5.Qc2 Qd5 6.Na3 b5 7.b3 cxb3 8.axb3 Bb7
9.O-O e6 10.Bb2 a6 11.d4 Be7 12.Ne5 Qd6 13.Rfc1 O-O 14.e4 Rc8 15.Nxf7 Kxf7
16.e5 Qd8 17.exf6 Bxf6 18.Qxh7 Nd7 19.Qh5+ Kg8 20.Rc2  1/2-1/2

[Event "27th Open A"]
[Site "Bethune FRA"]
[Date "2006.12.27"]
[Round "3"]
[White "Smailovic,O"]
[Black "Kludacz,M"]
[Result "0-1"]
[WhiteElo "2120"]
[BlackElo "2237"]

1.c4 c6 2.Nc3 d5 3.d4 Nf6 4.Nf3 dxc4 5.e4 b5 6.e5 Nd5 7.a4 e6 8.Be2 Be7 9.O-O Nd7
10.Ne4 N7b6 11.a5 Nd7 12.Qc2 a6 13.Nfg5 c5 14.Rd1 cxd4 15.Rxd4 Nxe5 16.f4 Nc6
17.Rd1 Nxa5 18.Bh5 Qb6+ 19.Kh1 g6 20.Bf3 Nb3 21.Rxd5 exd5 22.Qc3 Qd4 23.Qxd4 Nxd4
24.Nc3 Nxf3 25.Nxf3 Bb7 26.Be3 Bf6 27.Bc5 O-O-O 28.Nd4 Rhe8 29.Rd1 h5 30.h3 Bxd4
31.Bxd4 Re6 32.Kg1 b4 33.Na4 Re2 34.Kf1 Re4 35.g3 Rde8 36.Kf2 Re2+ 37.Kf3 Bc6
38.Nc5 a5 39.Ra1 Rd2 40.Rxa5 Rxd4  0-1

[Event "Harmonie"]
[Site "Groningen NED"]
[Date "2006.12.27"]
[Round "5"]
[White "Ernst,S"]
[Black "Ragger,M"]
[Result "1/2-1/2"]
[WhiteElo "2512"]
[BlackElo "2476"]

1.c4 c6 2.g3 d5 3.Bg2 Nf6 4.Nf3 Bf5 5.cxd5 cxd5 6.Qb3 Qc8 7.O-O e6 8.d3 Nc6
9.Nc3 Be7 10.Be3 O-O 11.Rac1 Qd7 12.Nd4 Nxd4 13.Bxd4 Bg4 14.h3 Bh5 15.Rfd1 Bd6
16.Bxf6  1/2-1/2

[Event "Masters"]
[Site "Singapore SIN"]
[Date "2006.12.27"]
[Round "4"]
[White "Gomez,Joh"]
[Black "Zhao Jun"]
[Result "0-1"]
[WhiteElo "2387"]
[BlackElo "2539"]

1.c4 c6 2.e4 d5 3.exd5 cxd5 4.d4 Nf6 5.Nc3 e6 6.Nf3 Be7 7.Bg5 O-O 8.Bd3 dxc4
9.Bxc4 Nc6 10.O-O b6 11.a3 Bb7 12.Re1 Rc8 13.Ba2 Nd5 14.Bxd5 Bxg5 15.Be4 Bf6
16.Qa4 a6 17.Rad1 b5 18.Qc2 g6 19.d5 exd5 20.Bxd5 Qb6 21.Qd2 Na5 22.Bxb7 Bxc3
23.bxc3 Qxb7 24.Qh6 Nc4 25.Ng5 f6 26.Ne4 Qf7 27.Qh3 Rc7 28.Nc5 Re7 29.Nxa6 Rxe1+
30.Rxe1 Re8 31.Rxe8+ Qxe8 32.g4 Qd7 33.Qf3 Ne5 34.Qa8+ Kg7 35.h3 h5 36.Qe4 hxg4
37.hxg4 Nxg4 38.Kg2 Nxf2 39.Kxf2 Qa7+ 40.Kg3 Qxa6 41.Qe7+ Kh6 42.Qf8+ Kg5
43.Qb8 Qa4 44.Qb7 Qf4+ 45.Kg2 Qd2+ 46.Kf1 Qd3+ 47.Kf2 Kf4 48.Qc7+ Kg4 49.Qc6 Qd2+
50.Kg1 Kg3 51.Qc7+ Qf4  0-1

[Event "Masters"]
[Site "Singapore SIN"]
[Date "2006.12.28"]
[Round "5"]
[White "Toh,T"]
[Black "Wu Shaobin"]
[Result "1-0"]
[WhiteElo "2410"]
[BlackElo "2475"]

1.c4 c6 2.d4 d5 3.e3 Nf6 4.Nc3 a6 5.Bd3 e6 6.Nf3 dxc4 7.Bxc4 c5 8.O-O b5
9.Bb3 Bb7 10.Qe2 Nbd7 11.Rd1 Qc7 12.e4 cxd4 13.Nxd4 b4 14.Nd5 exd5 15.exd5+ Qe5
16.Qxe5+ Nxe5 17.Re1 Bd6 18.Nf3 O-O 19.Nxe5 Rfe8 20.Nd3 Rxe1+ 21.Nxe1 Bxd5
22.Nd3 a5 23.Bg5 a4 24.Bxd5 Nxd5 25.Kf1 a3 26.b3 f6 27.Bd2 Rc8 28.Rc1 Rxc1+
29.Nxc1 Kf7 30.Ke2 Ke6 31.Kd3 Kd7 32.Kc4 Kc6 33.Nd3 Nb6+ 34.Kd4 Kb5 35.Bf4 Nc8
36.Kd5 Bxf4 37.Nxf4 Ne7+ 38.Ke4 Nc6 39.Ne6 Na5 40.Kd5 Kb6 41.Nd4 h5 42.f4 h4
43.f5 Nb7 44.Kc4 Ka5 45.Nc6+ Kb6 46.Nxb4 Nd6+ 47.Kd5 Nxf5 48.Nc2 Nh6 49.Nxa3 Ng4
50.Nc4+ Kb5 51.h3 Nf2 52.Nd6+ Kb4 53.Ne8 Nd1 54.Nxg7 Ne3+ 55.Ke4 Nxg2 56.Nf5 Ka3
57.Nd4 Ne1 58.Ke3 Ng2+ 59.Kf3 Ne1+ 60.Ke2 Ng2 61.Ne6  1-0

[Event "Masters"]
[Site "Singapore SIN"]
[Date "2006.12.28"]
[Round "6"]
[White "Ranola,Y"]
[Black "Goh Koon Jong,J"]
[Result "1-0"]
[WhiteElo "2414"]
[BlackElo "2394"]

1.c4 c6 2.g3 d5 3.Bg2 Nf6 4.Nf3 dxc4 5.a4 Bf5 6.Na3 Qd5 7.Nh4 Be4 8.f3 Bg6
9.e4 Qc5 10.Qc2 e5 11.Qxc4 Na6 12.d3 Rd8 13.Ke2 Qb6 14.Qc3 Nd7 15.Bh3 Qc7
16.Be3 Bb4 17.Qc4 Nb6 18.Qc2 Be7 19.Rad1 O-O 20.Nc4 Nb4 21.Qb3 Nxc4 22.Qxc4 c5
23.Nxg6 hxg6 24.d4 exd4 25.Bxd4 Nc6 26.Bc3 Ne5 27.Qb5 Nc6 28.Kf2 a6 29.Qb3 Nd4
30.Bxd4 cxd4 31.Rc1 Qe5 32.Qd3 g5 33.Rc2 a5 34.Kg2 b6 35.Rf1 Rd6 36.f4 gxf4
37.gxf4 Qh5 38.Kh1 Rh6 39.Rf3 Rd8 40.Bf5 Qh4 41.Rg2 Bf8 42.e5 Rd5 43.Qf1 Qe7
44.Rgg3 Rc5 45.Rh3 g6 46.Bd3 Qc7 47.Qe2 Rxh3 48.Rxh3 Qd7 49.Rg3 Qd5+ 50.Rf3 Bh6
51.Kg1 Rc1+ 52.Kf2 Qd8 53.Kg2 Qh4 54.e6 Qg4+ 55.Rg3 Qxe2+ 56.Bxe2 Bxf4 57.Rf3 g5
58.e7 Rc8 59.Bb5  1-0

[Event "1st Hotel Bern Open"]
[Site "Bern SUI"]
[Date "2006.12.29"]
[Round "6"]
[White "Bagri,J"]
[Black "Zimmermann,Pe"]
[Result "1-0"]
[WhiteElo "2252"]
[BlackElo "2196"]

1.c4 c6 2.Nf3 d5 3.b3 Nf6 4.Bb2 Bf5 5.g3 e6 6.Bg2 h6 7.O-O Be7 8.d3 O-O 9.Nbd2 Nbd7
10.a3 Qb8 11.b4 Rc8 12.Re1 a5 13.Qb3 b5 14.c5 e5 15.e4 Be6 16.Nxe5 Nxc5 17.Qc2 Na4
18.bxa5 Rxa5 19.Nxc6 Bc5 20.Bxf6 Rxc6 21.d4 gxf6 22.exd5 Bxd4 23.Qxc6 Bxa1
24.dxe6 Bc3  1-0

[Event "15th Donau Open"]
[Site "Aschach an der Donau AUT"]
[Date "2006.12.30"]
[Round "6"]
[White "Jurek,J"]
[Black "Hrzica,R"]
[Result "1/2-1/2"]
[WhiteElo "2384"]
[BlackElo "2261"]

1.c4 c6 2.Nf3 d5 3.d4 Nf6 4.Qc2 a6 5.Bf4 Bg4 6.Nbd2 e6 7.e3 Bxf3 8.gxf3 Nh5
9.Bg3 f5 10.Be5 Nd7 11.f4 Nhf6 12.a3 c5 13.Bg2 Rc8 14.Qb3 cxd4 15.exd4 Nxe5
16.fxe5 Ne4 17.Nxe4 dxe4 18.Qxb7 Rxc4 19.Qxa6 Qd5 20.O-O Kf7 21.Rad1 Be7
22.f3 Rxd4 23.fxe4 Qc5 24.Kh1 Rxd1 25.Rxd1 f4 26.b4  1/2-1/2

[Event "Steinhart Mem"]
[Site "Herzeliya ISR"]
[Date "2006.12.30"]
[Round "9"]
[White "Grinshpun,E"]
[Black "Deutsch,E"]
[Result "1/2-1/2"]
[WhiteElo "2410"]
[BlackElo "2363"]

1.c4 c6 2.e4 d5 3.exd5 cxd5 4.d4 Nf6 5.Nc3 e6 6.c5 Be7 7.Qc2 O-O 8.Nf3 Nc6
9.Bb5 Bd7 10.Bxc6 Bxc6 11.b4 Ne4 12.a4 Nxc3 13.Qxc3 b5 14.Ne5 Be8 15.a5 a6
16.O-O f6 17.Nd3 Bf7 18.Bf4 Rc8 19.Rae1 Re8 20.Qd2 Bf8 21.Re3 Qd7 22.Rfe1 Rc6
23.h3 Kh8 24.g4 h6 25.Bg3 Rcc8 26.Kh2 g5 27.f4 Bg6 28.Nf2 Bg7 29.fxg5 hxg5
30.Bd6 Rc6 31.h4 Rxd6 32.cxd6 Qxd6+ 33.Kg2 gxh4 34.Rh3 e5 35.Rxh4+ Kg8 36.g5 Rc8
37.Rc1 Rxc1 38.Qxc1 fxg5 39.Qxg5 exd4 40.Rg4 Kh7 41.Rh4+ Kg8 42.Rg4 Kh7 43.Nd3 Bh6
44.Qxg6+ Qxg6 45.Rxg6 Kxg6 46.Nc5 d3 47.Kf3 Bd2 48.Nxa6 Kf7 49.Nc7 Bxb4 50.a6 Bc5
51.Nxb5 Ke7 52.a7 Bxa7  1/2-1/2

[Event "1st Open"]
[Site "Illes Medes ESP"]
[Date "2006.12.30"]
[Round "4"]
[White "Suba,M"]
[Black "Krzesaj,R"]
[Result "1/2-1/2"]
[WhiteElo "2535"]
[BlackElo "2308"]

1.c4 c6 2.e4 d5 3.cxd5 cxd5 4.exd5 Nf6 5.Nc3 g6 6.Bc4 Bg7 7.Nge2 Nbd7 8.Nf4 O-O
9.O-O Nb6 10.Bb3 Bf5 11.Re1 Qd6 12.d3 h6 13.Ne4 Qd8 14.Nxf6+ Bxf6 15.Qe2 Qd6
16.h3 Bd7 17.Qe4 Rfd8 18.Ne6 fxe6 19.Qxg6+ Kh8 20.Qxh6+ Kg8 21.Bf4 e5 22.Qg6+ Bg7
23.Qg5 exf4 24.Rxe7 Qh6 25.d6+ Kh8 26.Rxg7  1/2-1/2